Northwestern Basketball: Top 10 All-Time Leaders - Statistics

General Stats
  • This quiz has been taken 9 times
    7 since last reset
  • The average score is 21 of 90
Answer Stats
Category # Player Amount % Correct
Points 1 Boo Buie 2,187
100%
Assists 2 Boo Buie 618
100%
Steals 8 Boo Buie 143
100%
Three Pointers Made 2 Boo Buie 287
100%
Games 1 Boo Buie 149
100%
Points 4 Billy McKinney 1,900
67%
Points Per Game 4 Billy McKinney 18.6
67%
Points 2 John Shurna 2,038
67%
Blocks 3 John Shurna 135
67%
Three Pointers Made 4 John Shurna 274
67%
Points Per Game 9 John Shurna 15.7
67%
Games 5 John Shurna 130
67%
Points 7 Bryant McIntosh 1,683
50%
Assists 1 Bryant McIntosh 700
50%
Games T6 Bryant McIntosh 129
50%
Points 5 Evan Eschmeyer 1,805
50%
Rebounds 1 Evan Eschmeyer 995
50%
Blocks 5 Evan Eschmeyer 132
50%
Field Goal Percent 2 Evan Eschmeyer 59.5%
50%
Points Per Game 6 Evan Eschmeyer 16.1
50%
Steals 5 Chase Audige 160
33%
Rebounds 5 Dererk Pardon 784
33%
Blocks 2 Dererk Pardon 148
33%
Field Goal Percent 1 Dererk Pardon 60.2%
33%
Points 3 Drew Crawford 1,920
33%
Rebounds 7 Drew Crawford 713
33%
Blocks 7 Drew Crawford 98
33%
Three Pointers Made 5 Drew Crawford 232
33%
Games 2 Drew Crawford 143
33%
Blocks 8 Gavin Skelly 91
33%
Games 9 Gavin Skelly 127
33%
Blocks 10 Pete Nance 88
33%
Games 3 Sanjay Lumpkin 137
33%
Three Pointers Made 10 Scottie Lindsey 198
33%
Games 10 Scottie Lindsey 126
33%
Three Pointers Made 7 Tre Demps 211
33%
Games 4 Tre Demps 132
33%
Rebounds 9 Vic Law 710
33%
Blocks 1 Alex Olah 181
17%
Steals 2 Jitim Young 215
17%
Field Goal Percent 10 Jitim Young 47.1%
17%
Assists 10 John Shurna 295
17%
Points 6 Michael Thompson 1,689
17%
Assists 3 Michael Thompson 528
17%
Steals 6 Michael Thompson 159
17%
Three Pointers Made 3 Michael Thompson 276
17%
Games T6 Michael Thompson 129
17%
Blocks 9 Aaron Jennings 90
0%
Games 8 Alex Marcotullio 128
0%
Steals 7 Art Aaron 145
0%
Field Goal Percent 3 Brian Schwabe 50.3%
0%
Assists 9 Craig Moore 308
0%
Steals 9 Craig Moore 141
0%
Three Pointers Made 1 Craig Moore 320
0%
Points Per Game 2 Dale Kelley 19.8
0%
Assists 8 Dave Sobolewski 334
0%
Rebounds 6 Don Adams 773
0%
Points Per Game 7 Geno Carlisle 15.8
0%
Steals 10 Jeremy Nash 129
0%
Points Per Game 3 Jim Burns 19.5
0%
Rebounds 4 Jim Pitts 800
0%
Points 8 Jim Stack 1,583
0%
Rebounds 3 Joe Ruklick 868
0%
Points Per Game 1 Joe Ruklick 19.9
0%
Field Goal Percent 6 Kevin Coble 48.2%
0%
Points 10 Kevin Rankin 1,575
0%
Rebounds 2 Kevin Rankin 885
0%
Blocks 4 Kevin Rankin 133
0%
Field Goal Percent 4 Kevin Rankin 49.8%
0%
Points Per Game 10 Mark Sibley 15.7
0%
Assists 6 Michael Jenkins 342
0%
Field Goal Percent 8 Mike Campbell 47.4%
0%
Steals 3 Mohamed Hachad 167
0%
Assists 4 Pat Baldwin 452
0%
Steals 1 Pat Baldwin 272
0%
Field Goal Percent 9 Pat Baldwin 47.4%
0%
Rebounds 10 Phil Warren 665
0%
Points Per Game 8 Ray Ragelis 15.7
0%
Assists 5 Shawn Watts 379
0%
Steals 4 Shawn Watts 161
0%
Rebounds 8 Shon Morris 712
0%
Field Goal Percent 5 Shon Morris 48.6%
0%
Blocks 6 Tavaras Hardy 101
0%
Assists 7 Tim Doyle 341
0%
Three Pointers Made 8 Todd Leslie 203
0%
Points 9 Vedran Vukusic 1,581
0%
Three Pointers Made 6 Vedran Vukusic 212
0%
Field Goal Percent 7 Vedran Vukusic 47.8%
0%
Points Per Game 5 Walker Lambiotte 17.4
0%
Three Pointers Made 9 Winston Blake 200
0%
No matching quizzes found
Score Distribution
Percent of People with Each Score
Percentile by Number Answered
Your Score History
You have not taken this quiz since the last reset